|
|
|
|
| LEADER |
01445nam a2200409Ia 4500 |
| 001 |
EBC459762 |
| 003 |
MiAaPQ |
| 005 |
20200520144314.0 |
| 006 |
m o d | |
| 007 |
cr cn||||||||| |
| 008 |
080521s2008 dcuab sb i001 0 eng d |
| 010 |
|
|
|z 2008022135
|
| 020 |
|
|
|z 082137432X
|
| 020 |
|
|
|z 0821374338
|
| 020 |
|
|
|z 9780821374320
|
| 020 |
|
|
|z 9780821374337
|
| 035 |
|
|
|a (MiAaPQ)EBC459762
|
| 035 |
|
|
|a (Au-PeEL)EBL459762
|
| 035 |
|
|
|a (CaPaEBR)ebr10237225
|
| 035 |
|
|
|a (OCoLC)936300970
|
| 040 |
|
|
|a MiAaPQ
|c MiAaPQ
|d MiAaPQ
|
| 050 |
|
4 |
|a HD108.3
|b .S874 2008
|
| 082 |
0 |
4 |
|a 333.73
|2 22
|
| 245 |
0 |
0 |
|a Sustainable land management sourcebook
|h [electronic resource].
|
| 260 |
|
|
|a Washington, DC :
|b World Bank,
|c c2008.
|
| 300 |
|
|
|a xiv, 178 p. :
|b ill., maps.
|
| 490 |
1 |
|
|a Agriculture and rural development
|
| 504 |
|
|
|a Includes bibliographical references and index.
|
| 533 |
|
|
|a Electronic reproduction. Ann Arbor, MI : ProQuest, 2015. Available via World Wide Web. Access may be limited to ProQuest affiliated libraries.
|
| 650 |
|
0 |
|a Land use
|x Environmental aspects.
|
| 650 |
|
0 |
|a Rural development
|x Environmental aspects.
|
| 650 |
|
0 |
|a Sustainable agriculture.
|
| 655 |
|
4 |
|a Electronic books.
|
| 710 |
2 |
|
|a World Bank.
|
| 710 |
2 |
|
|a ProQuest (Firm)
|
| 830 |
|
0 |
|a Agriculture and rural development series.
|
| 856 |
4 |
0 |
|u https://ebookcentral.proquest.com/lib/matrademy/detail.action?docID=459762
|z Click to View
|